Dávky na bydlení v systému práva sociálního zabezpečení České republiky a jejich ústavní a unijní aspekty

Príspevok sa venuje dávkam na bývanie z pohľadu ich zakotvenia v systéme českého práva sociálneho zabezpečenia. Poukazuje na ich zakotvenie v dvoch rôznych druhoch sociálneho zabezpečenia, problematické aspekty z toho plynúce a vzájomný vzťah dávok. Ďalej sa zaoberá tým, či možno nárok dávky na býva...

Ausführliche Beschreibung

Gespeichert in:
Bibliographische Detailangaben
1. Verfasser: Halířová, Gabriela
Format: Buchkapitel
Sprache:Tschechisch
Schlagworte:
Tags: Tag hinzufügen
Keine Tags, Fügen Sie das erste Tag hinzu!

MARC

LEADER 00000naa a2200000 4500
001 0307436
005 20250303134002.4
041 0 |a cze 
044 |a SK 
245 1 0 |a Dávky na bydlení v systému práva sociálního zabezpečení České republiky a jejich ústavní a unijní aspekty  |c Gabriela Halířová 
520 |a Príspevok sa venuje dávkam na bývanie z pohľadu ich zakotvenia v systéme českého práva sociálneho zabezpečenia. Poukazuje na ich zakotvenie v dvoch rôznych druhoch sociálneho zabezpečenia, problematické aspekty z toho plynúce a vzájomný vzťah dávok. Ďalej sa zaoberá tým, či možno nárok dávky na bývanie podradiť pod sociálne práva zaistené Chartou základných práv a slobôd, a či majú na dávky na bývanie nárok aj osoby migrujúce v rámci Európskej únie. 
610 2 0 |a zabezpečenie sociálne 
610 2 0 |a politika sociálna 
610 2 0 |a príspevky sociálne 
610 2 0 |a dávky sociálne 
610 2 0 |a bývanie 
610 2 0 |a ústava 
100 1 |a Halířová, Gabriela